[Event "Junior Online 4NCL Division 4"]
[Site "online"]
[Date "2021.04.01"]
[EventDate "2021.04.01"]
[Round "6.54"]
[White "Sasikumar, Srivathsan"]
[WhiteElo "1104"]
[WhiteTeam "Leeds Juniors 2"]
[Black "Beer, James"]
[BlackElo "1275"]
[BlackTeam "Colchester Juniors B"]
[Result "1-0"]
[PlyCount "153"]

1. d4 d5 2. Bf4 Bf5 3. e3 Nc6 4. Bd3 Bxd3 5. Qxd3 Nf6 6. c3 e6 7. Nd2 Bd6 8. Bg3 Bxg3 9. hxg3 e5 10. Qc2 exd4 11. exd4 Qd6 12. O-O-O O-O-O 13. Ngf3 Rhe8 14. Rde1 Rxe1+ 15. Rxe1 h6 16. Ne5 Re8 17. Ndf3 Nd7 18. Nxf7 Rxe1+ 19. Nxe1 Qf6 20. Ne5 Ncxe5 21. dxe5 Qxe5 22. Nf3 Qf6 23. Qd2 c6 24. Qe3 a6 25. Nd4 Qe5 26. Qf3 Qe1+ 27. Kc2 Qe7 28. Nf5 Qe4+ 29. Qxe4 dxe4 30. Nxg7 Kc7 31. Nf5 h5 32. Kd2 Nf6 33. c4 Kb6 34. Kc3 Kc5 35. b4+ Kb6 36. a4 c5 37. a5+ Kc6 38. Ne3 cxb4+ 39. Kxb4 Nd7 40. Nf5 b6 41. axb6 Kxb6 42. f3 exf3 43. gxf3 a5+ 44. Ka4 Nc5+ 45. Ka3 a4 46. g4 hxg4 47. fxg4 Kc7 48. Nd4 Kd6 49. Nb5+ Ke5 50. Kb4 Nd3+ 51. Kxa4 Kf4 52. Kb3 Kxg4 53. Kc3 Nc5 54. Nd4 Kf4 55. Nb3 Ne4+ 56. Kd4 Kf5 57. Nc5 Nxc5 58. Kxc5 Ke6 59. Kc6 Ke7 60. c5 Kd8 61. Kb7 Kd7 62. c6+ Kd8 63. c7+ Kd7 64. c8=Q+ Kd6 65. Qc6+ Ke5 66. Qd7 Ke4 67. Kc6 Ke5 68. Qd5+ Kf4 69. Qe6 Kf3 70. Kd5 Kf4 71. Qe4+ Kg5 72. Qf3 Kg6 73. Ke6 Kg5 74. Qf5+ Kh6 75. Qg4 Kh7 76. Kf7 Kh8 77. Qh5# 1-0

[Event "Junior Online 4NCL Division 4"]
[Site "online"]
[Date "2021.04.01"]
[EventDate "2021.04.01"]
[Round "6.55"]
[White "Gururaj, Rithwik"]
[WhiteElo "1277"]
[WhiteTeam "Leeds Juniors 2"]
[Black "Catabay, Mae Katelyn Rose"]
[BlackElo "1446"]
[BlackTeam "Colchester Juniors B"]
[Result "1-0"]
[PlyCount "115"]

1. d4 Nf6 2. c4 d6 3. Nc3 Nbd7 4. Nf3 g6 5. e4 Bg7 6. Bg5 O-O 7. Bd3 e5 8. d5 Nc5 9. O-O h6 10. Bh4 g5 11. Bg3 Nh5 12. b4 Nxd3 13. Qxd3 Nf4 14. Bxf4 exf4 15. Rac1 f5 16. g3 fxe4 17. Qxe4 Bf5 18. Qe2 Re8 19. Qd2 Bg4 20. Qd3 Qf6 21. Kg2 Qf5 22. Qxf5 Bxf5 23. h4 g4 24. Nd2 f3+ 25. Kg1 Bxc3 26. Rxc3 Re2 27. Nb3 Rxa2 28. Nd4 Bg6 29. Nb5 Rb2 30. Nxc7 Rc8 31. Ne6 Rxb4 32. Rfc1 Bf7 33. Nf4 Kg7 34. Nd3 Rb6 35. Nf4 Ra6 36. Kf1 Ra2 37. Nd3 Re2 38. R1c2 Rce8 39. Rxe2 Rxe2 40. Nf4 Re4 41. c5 Rb4 42. Ke1 dxc5 43. Rxc5 Rb1+ 44. Kd2 Rb2+ 45. Ke3 Kf6 46. Nd3 Re2+ 47. Kd4 Bg6 48. Nf4 Rxf2 49. d6 Rd2+ 50. Ke3 Rxd6 51. Nd5+ Ke5 52. Nf4+ Kf6 53. Rc7 Rb6 54. Nd5+ Ke6 55. Nxb6 axb6 56. Rxb7 Kd5 57. Rxb6 Ke5 58. Rxg6 1-0

[Event "Junior Online 4NCL Division 4"]
[Site "online"]
[Date "2021.04.01"]
[EventDate "2021.04.01"]
[Round "6.56"]
[White "Catabay, Asci-Khela"]
[WhiteElo "1375"]
[WhiteTeam "Colchester Juniors B"]
[Black "Agrawal, Sahil"]
[BlackElo "1232"]
[BlackTeam "Leeds Juniors 2"]
[Result "0-1"]
[PlyCount "56"]

1. Nf3 d6 2. d4 g6 3. e4 Bg7 4. Nc3 e5 5. d5 Nd7 6. Be3 Ndf6 7. Qd3 Ne7 8. O-O-O Bd7 9. g3 a6 10. a4 Bg4 11. Bg2 O-O 12. h3 Bxf3 13. Bxf3 Qd7 14. Bg2 Rfd8 15. f4 c6 16. fxe5 dxe5 17. d6 Nc8 18. Rd2 b5 19. axb5 axb5 20. Rhd1 Ra1+ 21. Nb1 Qb7 22. Bg5 Qa6 23. Bxf6 Bxf6 24. d7 Nb6 25. Qd6 Ra8 26. d8=Q+ Bxd8 27. Qxc6 Rxb1+ 28. Kxb1 Qa1# 0-1

[Event "Junior Online 4NCL Division 4"]
[Site "online"]
[Date "2021.04.01"]
[EventDate "2021.04.01"]
[Round "6.57"]
[White "Yerabati, Samiksha"]
[WhiteElo "1201"]
[WhiteTeam "Leeds Juniors 2"]
[Black "Granger, Charlotte"]
[BlackElo "1308"]
[BlackTeam "Colchester Juniors B"]
[Result "1-0"]
[PlyCount "45"]

1. d4 d5 2. Bf4 Nf6 3. e3 Nc6 4. Bd3 Bd7 5. Nc3 e6 6. Nb5 e5 7. dxe5 Ne4 8. e6 fxe6 9. Nxc7+ Ke7 10. Bxe4 dxe4 11. Bg5+ Kf7 12. Bxd8 Rxd8 13. f3 exf3 14. Qxf3+ Ke7 15. O-O-O Ne5 16. Qxb7 Ng4 17. Nf3 Nf2 18. Ng5 Nxd1 19. Rxd1 g6 20. Ncxe6 Kf6 21. Nxd8 Bg4 22. Ne4+ Ke5 23. Qd5# 1-0

[Event "Junior Online 4NCL Division 4"]
[Site "online"]
[Date "2021.04.01"]
[EventDate "2021.04.01"]
[Round "6.58"]
[White "Beer, James"]
[WhiteElo "1275"]
[WhiteTeam "Colchester Juniors B"]
[Black "Sasikumar, Srivathsan"]
[BlackElo "1104"]
[BlackTeam "Leeds Juniors 2"]
[Result "0-1"]
[PlyCount "56"]

1. e4 c6 2. d4 d5 3. exd5 cxd5 4. Nc3 Nf6 5. Bf4 a6 6. Bd3 Nc6 7. Nf3 Bg4 8. h3 Bxf3 9. Qxf3 Nxd4 10. Qd1 Nc6 11. Qf3 e5 12. Bg5 e4 13. Qe3 d4 14. Qe2 dxc3 15. bxc3 Be7 16. Bxf6 Bxf6 17. Qxe4+ Qe7 18. Qxe7+ Nxe7 19. O-O-O O-O 20. Rhe1 Rfe8 21. c4 Rac8 22. Re4 Nc6 23. Rxe8+ Rxe8 24. Rf1 Nb4 25. Bf5 Nxa2+ 26. Kb1 Nc3+ 27. Kb2 Ne4+ 28. Kb3 Nd2+ 0-1

[Event "Junior Online 4NCL Division 4"]
[Site "online"]
[Date "2021.04.01"]
[EventDate "2021.04.01"]
[Round "6.62"]
[White "Ozdenoren, Deniz"]
[WhiteElo "1262"]
[WhiteTeam "The Hall 2"]
[Black "Wang, Andy"]
[BlackElo "1388"]
[BlackTeam "Somerset Lions"]
[Result "0-1"]
[PlyCount "74"]

1. e4 e5 2. Nf3 Nc6 3. Bc4 Bc5 4. d3 Nf6 5. Nc3 d6 6. Bg5 h6 7. Bh4 O-O 8. O-O Bg4 9. h3 Bh5 10. Nd5 Kh7 11. Bxf6 gxf6 12. c3 Bg6 13. b4 Bb6 14. Qd2 Rg8 15. Kh1 f5 16. exf5 Bxf5 17. Ne3 Bxe3 18. Qxe3 Rg7 19. d4 exd4 20. cxd4 Qg8 21. Rg1 Re8 22. Qf4 Be4 23. Rae1 Bxf3 24. Qxf3 Rxe1 25. Rxe1 Nxd4 26. Bd3+ Kh8 27. Qe4 Nc6 28. Qf3 Ne5 29. Qe4 Nxd3 30. Qxd3 Rxg2 31. Qf3 Rg5 32. Qe4 Rh5 33. Qf3 Qg6 34. Re8+ Kh7 35. Rf8 Rf5 36. Qe4 Rxf2 37. Rxf7+ Rxf7 0-1

[Event "Junior Online 4NCL Division 4"]
[Site "online"]
[Date "2021.04.01"]
[EventDate "2021.04.01"]
[Round "6.63"]
[White "Zeng, Jonathan"]
[WhiteElo "1383"]
[WhiteTeam "Somerset Lions"]
[Black "O'Sullivan, Conor"]
[BlackElo "1115"]
[BlackTeam "The Hall 2"]
[Result "0-1"]
[PlyCount "64"]

1. e4 e5 2. Nf3 Nc6 3. Bc4 Nf6 4. Ng5 d5 5. exd5 Nd4 6. c3 Nf5 7. d4 h6 8. dxe5 hxg5 9. exf6 Qxf6 10. Qe2+ Be7 11. O-O Bd7 12. Re1 O-O-O 13. a4 Rdg8 14. b4 g4 15. Qxg4 g5 16. b5 Rh4 17. Qf3 g4 18. Qd3 g3 19. fxg3 Bc5+ 20. Be3 Nxe3 21. gxh4 Nxc4+ 22. Kh1 Qf2 23. Qf1 Qxh4 24. Na3 Nxa3 25. Qxf7 Rd8 26. a5 Nc2 27. g3 Qh3 28. Rac1 Bf5 29. Re8 b6 30. axb6 Kb7 31. Rxd8 Be4+ 32. Qf3 Bxf3# 0-1

[Event "Junior Online 4NCL Division 4"]
[Site "online"]
[Date "2021.04.01"]
[EventDate "2021.04.01"]
[Round "6.64"]
[White "Sethia, Aditey"]
[WhiteElo "1100"]
[WhiteTeam "The Hall 2"]
[Black "Ranpura, Kirin"]
[BlackElo "1379"]
[BlackTeam "Somerset Lions"]
[Result "0-1"]
[PlyCount "88"]

1. d4 e6 2. c4 d5 3. Nc3 c5 4. g3 Nc6 5. Bg2 Nf6 6. Bf4 a6 7. cxd5 exd5 8. Bg5 Be6 9. e4 dxe4 10. Nxe4 Qxd4 11. Qxd4 Nxd4 12. O-O-O Ng4 13. h3 Ne5 14. Rd3 Nxd3+ 15. Kd2 Ne5 16. f4 Nc4+ 17. Kc3 h6 18. b3 Ne3 19. Bf3 hxg5 20. Nxg5 Bd5 21. Bxd5 Nxd5+ 22. Kd2 Be7 23. Ne4 Rc8 24. Kd3 Nb4+ 25. Kc4 Nxa2 26. h4 b5+ 27. Kd5 Rd8+ 28. Ke5 f6+ 29. Nxf6+ Bxf6+ 30. Ke4 Kf7 31. Nh3 Rhe8+ 32. Kd3 Nb4+ 33. Kd2 Nf3+ 34. Kc1 Re2 35. Ng5+ Bxg5 36. fxg5 Rdd2 37. Rd1 Rc2+ 38. Kb1 Rb2+ 39. Ka1 Ra2+ 40. Kb1 Rec2 41. Rd7+ Ke6 42. Rd1 Nd2+ 43. Rxd2 Rxd2 44. Kc1 Rh2 0-1

[Event "Junior Online 4NCL Division 4"]
[Site "online"]
[Date "2021.04.01"]
[EventDate "2021.04.01"]
[Round "6.67"]
[White "O'Sullivan, Conor"]
[WhiteElo "1115"]
[WhiteTeam "The Hall 2"]
[Black "Zeng, Jonathan"]
[BlackElo "1383"]
[BlackTeam "Somerset Lions"]
[Result "0-1"]
[PlyCount "58"]

1. e4 e5 2. Nf3 Nc6 3. Nc3 Nf6 4. Bb5 Bd6 5. d3 a6 6. Ba4 h6 7. Be3 Ng4 8. h3 Nxe3 9. fxe3 Na5 10. Qd2 b5 11. Bb3 c6 12. d4 exd4 13. exd4 Bg3+ 14. Ke2 b4 15. Na4 Nxb3 16. cxb3 O-O 17. Rag1 Re8 18. Nc5 d6 19. Nd3 Rxe4+ 20. Kf1 a5 21. h4 Qf6 22. Rh3 Bxh3 23. gxh3 Qxf3+ 24. Nf2 Bxf2 25. Qxf2 Qxh3+ 26. Rg2 Rae8 27. Kg1 Re1+ 28. Qxe1 Rxe1+ 29. Kf2 Qe3# 0-1

[Event "Junior Online 4NCL Division 4"]
[Site "online"]
[Date "2021.04.01"]
[EventDate "2021.04.01"]
[Round "6.68"]
[White "Ranpura, Kirin"]
[WhiteElo "1379"]
[WhiteTeam "Somerset Lions"]
[Black "Sethia, Aditey"]
[BlackElo "1100"]
[BlackTeam "The Hall 2"]
[Result "1-0"]
[PlyCount "41"]

1. d4 g6 2. Bf4 Bg7 3. e4 e6 4. Nc3 Nf6 5. Nf3 d6 6. Be2 Nc6 7. O-O b6 8. Qd2 Bb7 9. Rad1 O-O 10. Rfe1 e5 11. dxe5 dxe5 12. Nxe5 Qxd2 13. Rxd2 Nxe5 14. Bxe5 Nxe4 15. Nxe4 Bxe4 16. Bxg7 Kxg7 17. Bc4 f5 18. Rd7+ Kh8 19. f3 Bxc2 20. Ree7 Rfd8 21. Rxh7# 1-0

[Event "Junior Online 4NCL Division 4"]
[Site "online"]
[Date "2021.04.01"]
[EventDate "2021.04.01"]
[Round "6.71"]
[White "Patel, Amya Hetal"]
[WhiteElo "1167"]
[WhiteTeam "Edgware Gambits F"]
[Black "Ford, Conor"]
[BlackElo "1381"]
[BlackTeam "Barnet Knights D"]
[Result "0-1"]
[PlyCount "62"]

1. e4 e5 2. Nf3 Nc6 3. Nc3 Nf6 4. Bb5 a6 5. Bxc6 dxc6 6. O-O Bd6 7. d4 Qe7 8. dxe5 Bxe5 9. Nxe5 Qxe5 10. Qd2 O-O 11. Re1 Bg4 12. Qe3 Rad8 13. h3 Be6 14. Qf3 Qd6 15. e5 Bd5 16. Nxd5 Qxd5 17. Qxd5 Nxd5 18. c4 Nb6 19. c5 Nd5 20. Rd1 Rfe8 21. Be3 Nxe3 22. Rxd8 Rxd8 23. Re1 Nf5 24. Kf1 h6 25. Re4 Rd5 26. e6 fxe6 27. Rxe6 Rxc5 28. Re8+ Kf7 29. Rc8 Nd4 30. Rxc7+ Kg6 31. Rxb7 Rc1# 0-1

[Event "Junior Online 4NCL Division 4"]
[Site "online"]
[Date "2021.04.01"]
[EventDate "2021.04.01"]
[Round "6.72"]
[White "Bracken, Layla"]
[WhiteElo "1311"]
[WhiteTeam "Barnet Knights D"]
[Black "Popat, Imara"]
[BlackElo "1137"]
[BlackTeam "Edgware Gambits F"]
[Result "1-0"]
[PlyCount "57"]

1. e4 e5 2. Nf3 Nc6 3. Nc3 Nf6 4. Bb5 Nd4 5. Bc4 Bc5 6. Nxe5 O-O 7. Na4 Bd6 8. f4 b5 9. c3 Nc6 10. Bxb5 Nxe5 11. fxe5 Bxe5 12. d4 c6 13. dxe5 cxb5 14. exf6 bxa4 15. fxg7 Kxg7 16. Qg4+ Kf6 17. Rf1+ Ke5 18. Bf4+ Kxe4 19. Bc7+ Kd3 20. Bxd8 Re8+ 21. Kf2 d5 22. Qd4+ Kc2 23. Qd1+ Kxb2 24. Qb1+ Kxc3 25. Rc1+ Kd4 26. Bf6+ Re5 27. Bxe5+ Kxe5 28. Re1+ Kd6 29. Qb2 1-0

[Event "Junior Online 4NCL Division 4"]
[Site "online"]
[Date "2021.04.01"]
[EventDate "2021.04.01"]
[Round "6.73"]
[White "Patel, Rohan"]
[WhiteElo "1140"]
[WhiteTeam "Edgware Gambits F"]
[Black "Ethelontis, Elena"]
[BlackElo "1231"]
[BlackTeam "Barnet Knights D"]
[Result "1-0"]
[PlyCount "113"]

1. e4 e5 2. Nf3 Nc6 3. Bc4 Nf6 4. Nc3 d6 5. h3 g6 6. d3 Bg7 7. Be3 O-O 8. Qc1 Be6 9. Bg5 a6 10. O-O b5 11. Bb3 Qb8 12. a3 h6 13. Bxh6 Qc8 14. Bxg7 Kxg7 15. Ng5 Rh8 16. Nxe6+ fxe6 17. Qg5 Rh5 18. Qg4 Nxg4 19. hxg4 Rh7 20. f3 Nd4 21. Rae1 Qd8 22. g3 a5 23. a4 b4 24. Nb5 Qh8 25. Nxd4 Kf6 26. Nxe6 Rh1+ 27. Kf2 Rh2+ 28. Ke3 Qh6+ 29. g5+ Qxg5+ 30. Nxg5 Kxg5 31. f4+ exf4+ 32. gxf4+ Kf6 33. f5 g5 34. d4 Rh3+ 35. Kf2 Rah8 36. e5+ dxe5 37. dxe5+ Ke7 38. f6+ Kf8 39. e6 Rh2+ 40. Ke3 R2h3+ 41. Kd2 Rh2+ 42. Kd1 g4 43. e7+ Ke8 44. f7+ Kd7 45. e8=Q+ Rxe8 46. fxe8=Q+ Kd6 47. Qe6+ Kc5 48. Qe5+ Kb6 49. Qxh2 Kb7 50. Bd5+ Ka6 51. Qe2+ Ka7 52. Qe3+ Ka6 53. Qe6+ Ka7 54. Qd7 Kb8 55. Re8+ Ka7 56. Qxc7+ Ka6 57. Ra8# 1-0

[Event "Junior Online 4NCL Division 4"]
[Site "online"]
[Date "2021.04.01"]
[EventDate "2021.04.01"]
[Round "6.74"]
[White "Malus, Sean"]
[WhiteElo "1228"]
[WhiteTeam "Barnet Knights D"]
[Black "Dalah, Jacob"]
[BlackElo "1038"]
[BlackTeam "Edgware Gambits F"]
[Result "0-1"]
[PlyCount "21"]

1. e4 e5 2. Nf3 Nc6 3. Bc4 Be7 4. d3 Nf6 5. Nc3 O-O 6. Be3 d6 7. Qd2 Bg4 8. h3 Bxf3 9. gxf3 Nd4 10. Rg1 Nxf3+ 11. Ke2 0-1

[Event "Junior Online 4NCL Division 4"]
[Site "online"]
[Date "2021.04.01"]
[EventDate "2021.04.01"]
[Round "6.75"]
[White "Ford, Conor"]
[WhiteElo "1381"]
[WhiteTeam "Barnet Knights D"]
[Black "Patel, Amya Hetal"]
[BlackElo "1167"]
[BlackTeam "Edgware Gambits F"]
[Result "1-0"]
[PlyCount "85"]

1. d4 e6 2. e3 d5 3. Bd3 c5 4. c3 Nc6 5. Nd2 Qb6 6. f4 Bd6 7. Ngf3 Nf6 8. Ne5 Bxe5 9. fxe5 Ne4 10. O-O O-O 11. Qh5 h6 12. Nf3 Bd7 13. g4 Be8 14. g5 f6 15. g6 c4 16. Bc2 Rd8 17. exf6 Rxf6 18. Nd2 Rxg6+ 19. Kh1 Ng3+ 20. hxg3 Rxg3 21. Qh2 Rg4 22. e4 Rg5 23. Bd1 dxe4 24. Nxe4 Rf5 25. Be2 Rxf1+ 26. Bxf1 Bg6 27. Qg2 Bxe4 28. Qxe4 Rf8 29. Be3 Qxb2 30. Rc1 Qxa2 31. Qg4 g5 32. Qxe6+ Kh8 33. Qxh6+ Kg8 34. Qxg5+ Kf7 35. Qf5+ Kg7 36. Qg5+ Kf7 37. Qh5+ Kg7 38. Bh6+ Kh7 39. Bxf8+ Kg8 40. Qh6 Kf7 41. Qg7+ Ke6 42. Re1+ Kd5 43. Qd7# 1-0

[Event "Junior Online 4NCL Division 4"]
[Site "online"]
[Date "2021.04.01"]
[EventDate "2021.04.01"]
[Round "6.76"]
[White "Popat, Imara"]
[WhiteElo "1137"]
[WhiteTeam "Edgware Gambits F"]
[Black "Bracken, Layla"]
[BlackElo "1311"]
[BlackTeam "Barnet Knights D"]
[Result "0-1"]
[PlyCount "24"]

1. e4 e5 2. Nf3 Nc6 3. Bc4 Bc5 4. a3 Nf6 5. Ng5 O-O 6. b4 Bb6 7. Bb2 h6 8. Nf3 Nxe4 9. Nxe5 Nxf2 10. Qf3 Nxe5 11. Bxe5 Nxh1 12. Qg3 Nxg3 0-1

[Event "Junior Online 4NCL Division 4"]
[Site "online"]
[Date "2021.04.01"]
[EventDate "2021.04.01"]
[Round "6.77"]
[White "Ethelontis, Elena"]
[WhiteElo "1231"]
[WhiteTeam "Barnet Knights D"]
[Black "Patel, Rohan"]
[BlackElo "1140"]
[BlackTeam "Edgware Gambits F"]
[Result "1-0"]
[PlyCount "85"]

1. d4 d5 2. Nf3 Nf6 3. c4 e6 4. Nc3 Nc6 5. Bf4 Bb4 6. e3 Ne4 7. Qc2 O-O 8. a3 Bxc3+ 9. bxc3 h6 10. Ne5 Nxe5 11. Bxe5 f6 12. Bf4 e5 13. Bg3 Bg4 14. Bd3 f5 15. Bxe5 Re8 16. O-O c5 17. f3 Bxf3 18. Rxf3 Qd7 19. Raf1 g6 20. g4 Re7 21. gxf5 gxf5 22. Rxf5 Rg7+ 23. Bxg7 Kxg7 24. Rf7+ Qxf7 25. Rxf7+ Kxf7 26. Bxe4 dxe4 27. Qxe4 Rf8 28. Qxb7+ Kg8 29. dxc5 Rf7 30. Qg2+ Rg7 31. Qxg7+ Kxg7 32. c6 Kf6 33. c7 Ke5 34. c8=Q Ke4 35. Qe6+ Kd3 36. Qd5+ Kxe3 37. Qd4+ Kf3 38. c5 Ke2 39. c6 a5 40. c7 a4 41. c8=R h5 42. Re8+ Kf3 43. Qe4# 1-0

[Event "Junior Online 4NCL Division 4"]
[Site "online"]
[Date "2021.04.01"]
[EventDate "2021.04.01"]
[Round "6.78"]
[White "Dalah, Jacob"]
[WhiteElo "1038"]
[WhiteTeam "Edgware Gambits F"]
[Black "Malus, Sean"]
[BlackElo "1228"]
[BlackTeam "Barnet Knights D"]
[Result "0-1"]
[PlyCount "34"]

1. e4 e5 2. Nf3 Nc6 3. Bc4 Bc5 4. O-O Nf6 5. d3 h6 6. Be3 d6 7. Bxc5 dxc5 8. Nc3 Bg4 9. Na4 Nd4 10. Nxc5 Nxf3+ 11. gxf3 Bh3 12. Bb5+ c6 13. Nxb7 Qe7 14. Bxc6+ Kf8 15. Re1 Nh5 16. Nd6 Qg5+ 17. Kh1 Qg2# 0-1

[Event "Junior Online 4NCL Division 4"]
[Site "online"]
[Date "2021.04.01"]
[EventDate "2021.04.01"]
[Round "6.81"]
[White "Spitz, Danny"]
[WhiteElo "1107"]
[WhiteTeam "Coldfall Bishops"]
[Black "Agbota, Fenu"]
[BlackElo "1300"]
[BlackTeam "JHJ Shark Tank 7"]
[Result "0-1"]
[PlyCount "66"]

1. e4 e6 2. d4 d5 3. e5 c5 4. Nf3 f6 5. Nc3 Qc7 6. Bf4 Nc6 7. Qd2 fxe5 8. Nxe5 Nxe5 9. Bxe5 Qb6 10. Rb1 Ne7 11. Bb5+ Nc6 12. O-O a6 13. Bxc6+ Qxc6 14. Rfe1 Qd7 15. Qe2 Bd6 16. Bxd6 Qxd6 17. dxc5 Qxc5 18. Rbd1 O-O 19. h3 Bd7 20. a3 Rf6 21. Qd2 Raf8 22. Rf1 Bc6 23. b4 Qa7 24. Kh1 Rxf2 25. Rxf2 Rxf2 26. Qg5 Qb6 27. Qg3 h6 28. a4 Rxc2 29. Qb8+ Kh7 30. a5 Qf2 31. Rg1 d4 32. Nd1 Bxg2+ 33. Rxg2 Qxg2# 0-1

[Event "Junior Online 4NCL Division 4"]
[Site "online"]
[Date "2021.04.01"]
[EventDate "2021.04.01"]
[Round "6.83"]
[White "Haga, Viktor"]
[WhiteElo "1056"]
[WhiteTeam "Coldfall Bishops"]
[Black "Nilim, Armaan"]
[BlackElo "1298"]
[BlackTeam "JHJ Shark Tank 7"]
[Result "0-1"]
[PlyCount "80"]

1. c4 e5 2. d4 exd4 3. Qxd4 Nc6 4. Qd1 Bc5 5. Bf4 Nf6 6. Bg5 h6 7. Bh4 Ne4 8. Bg3 Qf6 9. Nf3 Qxb2 10. Nbd2 Nc3 11. Qc1 Qxc1+ 12. Rxc1 Nxa2 13. Ra1 Nab4 14. Rb1 d6 15. Ne4 Bb6 16. e3 Bf5 17. Nfd2 Bxe4 18. Nxe4 Na6 19. Bd3 O-O-O 20. O-O Nc5 21. Nxc5 Bxc5 22. Bf5+ Kb8 23. Be4 Nb4 24. Bd5 f6 25. h3 Nxd5 26. cxd5 Rhe8 27. Rb3 Re4 28. Rfb1 b6 29. Kf1 Rc4 30. Ke2 Re8 31. Kd3 Rce4 32. R1b2 Bxe3 33. Bh2 Bd4 34. Rb1 Bxf2 35. Kc3 Bd4+ 36. Kd3 Bc5 37. g4 Re3+ 38. Kc4 R8e4+ 39. Kb5 Kb7 40. R1b2 a6# 0-1

[Event "Junior Online 4NCL Division 4"]
[Site "online"]
[Date "2021.04.01"]
[EventDate "2021.04.01"]
[Round "6.85"]
[White "Agbota, Fenu"]
[WhiteElo "1300"]
[WhiteTeam "JHJ Shark Tank 7"]
[Black "Spitz, Danny"]
[BlackElo "1107"]
[BlackTeam "Coldfall Bishops"]
[Result "1-0"]
[PlyCount "47"]

1. e4 c6 2. d4 d5 3. e5 Bf5 4. Bg5 Qa5+ 5. Nd2 Qb6 6. Ngf3 Qxb2 7. Bd3 Bxd3 8. cxd3 Nd7 9. O-O Rb8 10. Bf4 e6 11. Qa4 a6 12. Rfc1 Bb4 13. Rab1 Qa3 14. Qxb4 Qxa2 15. Rb2 Qxb2 16. Qxb2 Ne7 17. Bg5 f6 18. exf6 gxf6 19. Bh6 e5 20. dxe5 fxe5 21. Nxe5 Nxe5 22. Qxe5 Rd8 23. Bg5 Rd7 24. Re1 1-0

[Event "Junior Online 4NCL Division 4"]
[Site "online"]
[Date "2021.04.01"]
[EventDate "2021.04.01"]
[Round "6.87"]
[White "Nilim, Armaan"]
[WhiteElo "1298"]
[WhiteTeam "JHJ Shark Tank 7"]
[Black "Haga, Viktor"]
[BlackElo "1056"]
[BlackTeam "Coldfall Bishops"]
[Result "1-0"]
[PlyCount "35"]

1. d4 d5 2. c4 e6 3. Nc3 dxc4 4. e3 Bb4 5. Bxc4 Bxc3+ 6. bxc3 Nf6 7. Nf3 O-O 8. Ba3 Re8 9. Qc2 Nc6 10. h3 Na5 11. Bd3 Nd5 12. Bxh7+ Kh8 13. h4 g6 14. h5 Kxh7 15. hxg6+ Kg8 16. gxf7+ Kxf7 17. Ne5+ Kf6 18. Qg6# 1-0

[Event "Junior Online 4NCL Division 4"]
[Site "online"]
[Date "2021.04.01"]
[EventDate "2021.04.01"]
[Round "6.91"]
[White "Man, Felix"]
[WhiteElo "1063"]
[WhiteTeam "Muswell Hill Primary"]
[Black "Aggarwal, Jai"]
[BlackElo "1407"]
[BlackTeam "Uxbridge Juniors Chargers"]
[Result "0-1"]
[PlyCount "112"]

1. e4 e5 2. Nf3 Nc6 3. Bc4 Nf6 4. Nc3 Bc5 5. d3 Na5 6. Bb3 Nxb3 7. cxb3 h6 8. O-O d6 9. h3 Be6 10. Na4 Bb6 11. Nxb6 axb6 12. Be3 O-O 13. Qc2 c5 14. Bd2 Rc8 15. Qd1 Re8 16. b4 c4 17. dxc4 Bxc4 18. Re1 Bd3 19. Bg5 Bc2 20. Bxf6 Qxf6 21. Qd5 Qe7 22. Rac1 Ba4 23. Rxc8 Rxc8 24. Qd2 Bc6 25. Qe3 b5 26. a3 Qe6 27. Qd3 Rd8 28. Rd1 f6 29. Re1 Kf7 30. Rd1 Qa2 31. Qc3 Qe6 32. Qd3 Kg8 33. Nh4 Kh7 34. Nf5 Qa2 35. Qg3 g6 36. Ne7 Bxe4 37. f3 Bc2 38. Rf1 Qxb2 39. f4 Qb3 40. Qxb3 Bxb3 41. fxe5 dxe5 42. Rxf6 Rd1+ 43. Kh2 g5 44. Rf7+ Kh8 45. Rf8+ Kg7 46. Rb8 Kf6 47. Rxb7 Bc4 48. Nc8 Ra1 49. Ra7 e4 50. Nd6 e3 51. Nxc4 bxc4 52. Rd7 e2 53. Rd8 e1=Q 54. b5 Qe5+ 55. g3 Ra2+ 56. Kg1 Qe1# 0-1

[Event "Junior Online 4NCL Division 4"]
[Site "online"]
[Date "2021.04.01"]
[EventDate "2021.04.01"]
[Round "6.92"]
[White "Aurangabadkar, Anish R"]
[WhiteElo "1055"]
[WhiteTeam "Uxbridge Juniors Chargers"]
[Black "Shetty, Ahan"]
[BlackElo "1010"]
[BlackTeam "Muswell Hill Primary"]
[Result "1-0"]
[PlyCount "110"]

1. e4 e5 2. Bc4 Nf6 3. Nc3 Nc6 4. Nf3 d6 5. h3 Be7 6. d3 Na5 7. Bg5 Nxc4 8. dxc4 b6 9. Bxf6 Bxf6 10. Nd5 Bb7 11. Nxf6+ Qxf6 12. Qe2 O-O 13. O-O Rad8 14. a3 Qg6 15. Rae1 f5 16. exf5 Qxf5 17. Qe3 Qxc2 18. Re2 Qxc4 19. Rc1 Qf4 20. Qxf4 exf4 21. Rxc7 Rb8 22. Ree7 Rfd8 23. Rxg7+ Kf8 24. Rxb7 Rxb7 25. Rxb7 d5 26. Rxh7 d4 27. Rh8+ Ke7 28. Rxd8 Kxd8 29. Nxd4 Kc7 30. h4 Kd6 31. h5 Ke7 32. h6 Kf7 33. Nc6 Kg6 34. Nxa7 Kxh6 35. g3 Kg5 36. Kf1 f3 37. b4 Kf5 38. a4 Ke5 39. a5 bxa5 40. bxa5 Kd5 41. g4 Kc5 42. g5 Kb4 43. g6 Kxa5 44. g7 Kb6 45. g8=Q Kxa7 46. Ke1 Kb7 47. Kd2 Kc6 48. Kd3 Kb5 49. Qc8 Kb6 50. Kd4 Kb5 51. Kd5 Kb4 52. Qc4+ Ka3 53. Qb5 Ka2 54. Kc4 Ka1 55. Kc3 Ka2 1-0

[Event "Junior Online 4NCL Division 4"]
[Site "online"]
[Date "2021.04.01"]
[EventDate "2021.04.01"]
[Round "6.93"]
[White "Michener, Max"]
[WhiteElo "1000"]
[WhiteTeam "Muswell Hill Primary"]
[Black "Das, Risheen"]
[BlackElo "960"]
[BlackTeam "Uxbridge Juniors Chargers"]
[Result "1-0"]
[PlyCount "51"]

1. e4 e5 2. Nc3 Nc6 3. Bc4 Nf6 4. d3 Bb4 5. f4 exf4 6. Bxf4 Na5 7. Bb3 Nxb3 8. axb3 d5 9. Qe2 d4 10. Ra4 Bg4 11. Nf3 a5 12. O-O dxc3 13. bxc3 Bxc3 14. d4 Bxf3 15. Qb5+ Kf8 16. Qxb7 Bxd4+ 17. Rxd4 Qxd4+ 18. Kh1 Qxe4 19. Qxc7 Bxg2+ 20. Kg1 Bxf1 21. Bd6+ Kg8 22. Kxf1 Qf5+ 23. Bf4 Nd5 24. Qc6 Qxf4+ 25. Ke1 Qd4 26. Qxa8# 1-0

[Event "Junior Online 4NCL Division 4"]
[Site "online"]
[Date "2021.04.01"]
[EventDate "2021.04.01"]
[Round "6.94"]
[White "Karthisamy, Prathik"]
[WhiteElo "850"]
[WhiteTeam "Uxbridge Juniors Chargers"]
[Black "Gibbins, Finlay"]
[BlackElo "997"]
[BlackTeam "Muswell Hill Primary"]
[Result "1-0"]
[PlyCount "81"]

1. e4 e5 2. Nf3 Nc6 3. Nc3 Bc5 4. Be2 Nf6 5. O-O g6 6. d3 Bf8 7. Bg5 Bg7 8. Nd5 Nb4 9. Nxb4 Qe7 10. Nd5 Qd6 11. Nxf6+ Bxf6 12. Bxf6 Qxf6 13. d4 exd4 14. Qxd4 Qxd4 15. Nxd4 c5 16. Nb5 a6 17. Nc7+ Kf8 18. Nxa8 b5 19. Nb6 c4 20. Nxc8 a5 21. Na7 b4 22. Bxc4 a4 23. Rfd1 Ke8 24. Bb5 Rf8 25. Bxd7+ Ke7 26. Nc6+ Kf6 27. e5+ Kg7 28. e6 fxe6 29. Bxe6 Kf6 30. Bc4 Rc8 31. Bd5 b3 32. cxb3 axb3 33. axb3 Kf5 34. Ne7+ Kf4 35. Nxc8 Kg4 36. Bc6 Kg5 37. Rd5+ Kh6 38. Re1 Kg7 39. Re7+ Kh6 40. g4 g5 41. Rd6# 1-0